[Event "Rishon Le Ziyyon 9798"]
[Site "Rishon Le Ziyyon"]
[Date "1997.12.26"]
[Round "2"]
[White "Bitensky, Igor"]
[Black "Khasin, Alexander"]
[Result "1/2-1/2"]
[WhiteElo "2320"]
[BlackElo "2505"]
[Annotator "Tsesarsky,I"]
[PlyCount "68"]
[EventDate "1997.12.25"]
[EventType "swiss"]
[EventRounds "9"]
[EventCountry "ISR"]
[SourceTitle "CBM 063"]
[Source "ChessBase"]
[SourceDate "1998.03.26"]
[SourceVersion "1"]
[SourceVersionDate "1998.03.26"]
[SourceQuality "1"]

1. e4 c5 2. Nf3 Nc6 3. d4 cxd4 4. Nxd4 Nf6 5. Nc3 d6 6. Bg5 e6 7. Qd2 a6 8.
O-O-O Bd7 9. Kb1 (9. f3 Be7 10. h4 (10. g4 b5 11. h4 Ne5 12. Bxf6 Bxf6 13. g5
Be7 14. f4 Nc4 15. Qe1 Rc8 16. f5 $40 {1-0 Cullip,S-Martinidesz,D/Oakham (07) ;
CBM 30 1992 (27)}) 10... Rc8 11. g4 Ne5 12. Kb1 b5 13. Qe1 Qc7 14. Bc1 b4 15.
Nce2 Nxf3 16. Nxf3 Qxc2+ 17. Ka1 $14 {1-0 Svidler,P-Aseev,K/St.Petersburg-ch 
(11) ;CBM 47 1995 (58)}) 9... Be7 10. f3 Rc8 (10... O-O 11. h4 Rc8 12. Nxc6 (
12. h5 Ne5 13. Be3 b5 14. Bd3 Nc4 15. Bxc4 Rxc4 16. g4 b4 17. Nce2 d5 18. g5
Ne8 19. exd5 e5 20. Nb3 $16 {0-1 Daurer-Scheipl/Aibling op, SW 1991 (36)})
12... Bxc6 13. Qe1 Qc7 14. Bd3 b5 15. Ne2 b4 16. Nd4 a5 17. Nxc6 Qxc6 18. Qe2
$14 {1-0 Hracek,Z-Kotronias,V/Moscow olm CZE-GRE 1994 (56)}) (10... Qc7 11. g4
(11. h4 Rc8 (11... O-O 12. h5 Rfd8 13. g4 d5 14. e5 Nxe5 15. h6 Nc4 16. Bxc4
dxc4 17. hxg7 Bc6 18. Qe1 Kxg7 19. Qh4 Ng8 20. Nxe6+ fxe6 21. Qxh7+ {1-0
Ehlvest,J-Tischbierek,R/New York op 1994}) 12. g4 Nxd4 13. Qxd4 b5 14. Qd2 h5
$1 $132 {1/2-1/2 Luther,T-Groszpeter,A/Kecskemet 1993 (19)}) 11... O-O-O (11...
Nxd4 12. Qxd4 b5 13. Be3 h6 (13... h5 14. g5 $16) 14. h4 Rb8 15. Rg1 b4 16. Ne2
e5 17. Qd2 g6 18. Nc1 $16 {Nikolaidis,K-Kotronias,V/GRE-ch94 Glyfada 1995/1/
2-1/2 (93)}) 12. Be3 h6 13. h4 Nxd4 14. Bxd4 Bc6 15. Qf2 Rd7 16. Bb6 Qb8 $14 {
1-0 Pelle,G-Van Herck,M/Interteam ch, Antwerp BEL 1998 (29)}) (10... b5 11. h4
(11. Nxc6 Bxc6 12. h4 (12. Ne2 $2 Rc8 $4 (12... Nxe4 13. fxe4 (13. Bxe7 Nxd2+
$19) 13... Bxg5 $17) 13. Bxf6 $4 (13. Nd4 $17 {0-1 Walther,E-Aleksejev/cr WT/M
1979 (30)} Nxe4 14. fxe4 Bxg5 15. Nxc6 Rxc6 16. Qf2 {0-1 Santiago,R-Strauss,D/
USA-op Dearborn 1992})) 12... Qb6 (12... O-O 13. Ne2 (13. g4 Qc7 14. Bh3 (14.
Bf4 Rfd8 15. Bd3 b4 16. Ne2 e5 17. Bg5 d5 18. Bxf6 Bxf6 19. Ng3 Be7 20. Rde1 a5
21. g5 a4 22. h5 b3 23. g6 a3 24. cxb3 dxe4 25. Nxe4 Bb5 26. gxh7+ Kh8 27. Nf2
axb2 28. Qc2 Qa5 29. Qxb2 Bxd3+ 30. Nxd3 Rxd3 31. Rxe5 Qd8 32. Qe2 Bf6 33. h6
Bxe5 34. Qxe5 Rd1+ 35. Rxd1 Qxd1+ 36. Kb2 Qd2+ $2) 14... Rac8 15. Ne2 $17 {
0-1 Markovic,M-Jurka,M/Ceske Budejovice op 1994 (25)} Nxe4 16. fxe4 Bxe4 17.
Bxe7 Qxe7 $14 {1-0 Caposciutti,M-Mednis,E/Forli op 1992 (29)}) 13... Rc8 14.
Nd4 Bb7 15. g4 Nd7 16. Be3 d5 17. exd5 Bxd5 18. Be2 Nb6 19. g5 Nc4 20. Bxc4
bxc4 21. Qc3 Qd7 22. h5 $1 $16 {1-0 Hracek,Z-Hausner,I/Pardubice op 1993 (51) 
[#]}) 13. g4 O-O-O 14. Be3 Qb7 15. g5 Nd7 16. Nd5 $16 {1-0 Starostits,I-Madl,I/
FSIM Feb, Budapest HUN 1997 (43)}) 11... Qa5 12. g4 Ne5 13. h5 b4 14. Nce2 Nc4
15. Qc1 h6 16. Bh4 Rc8 17. Ng3 Bb5 18. g5 hxg5 19. Bxg5 Qb6 20. f4 $16 {
1/2-1/2 Landenbergue,C-Grosar,A/Ptuj zt 1995 (57)}) (10... Qa5 11. h4 b5 12.
Nxc6 Bxc6 13. Bd3 Rc8 14. g4 Bb7 15. Rhg1 h6 16. Be3 Nd7 17. g5 b4 18. Ne2 Ne5
19. Nd4 $14 {1/2-1/2 Galego,L-Damaso,R/14th Masters, Caldas de Felgueira POR
1998 (45)}) (10... h6 11. Be3 Nxd4 12. Qxd4 b5 13. g4 Rb8 14. e5 dxe5 15. Qxe5
Rc8 16. Be2 Qc7 17. Qxc7 Rxc7 18. Bf4 {1/2-1/2 Formanek,E-Yermolinsky,A/Reno
op 1994}) 11. g4 (11. Nxc6 Bxc6 12. h4 h6 13. Be3 Qc7 14. Bd3 d5 15. exd5 Nxd5
16. Nxd5 Bxd5 17. c4 Bc6 18. Qf2 O-O 19. Bb6 $5 $146) 11... h5 $14 {1-0
Stephan,A-Wilde,D/GER-chJ U17 (08) ;EXT 92ch 1992 (38)} (11... Ne5 12. h4 Nc4
13. Bxc4 Rxc4 14. Be3 Qc7 15. g5 Nh5 16. Nde2 b5 17. Nf4 Nxf4 18. Bxf4 b4 19.
Ne2 e5 20. Bh2 Be6 21. b3 Rc6 22. f4 $6) 12. gxh5 Nxh5 (12... Rxh5 $14 13. h4
$1) 13. Bxe7 Qxe7 14. Rg1 $5 Nxd4 15. Qxd4 Rc6 16. e5 $6 (16. f4 $1 e5 $14 (
16... Nxf4 17. Rxg7 Qf8 18. Rg1 Rxh2 19. e5 Nd5 20. Nxd5 exd5 21. Rg2 $2) 17.
fxe5 Qxe5 (17... dxe5 $16 18. Qd2 $15) 18. h4 Be6 19. Rg5 Qxd4 20. Rxd4 g6 21.
Nd5 Bxd5 22. exd5 Rc7 $4) (16. Bc4 $17 e5 17. Qd3 Nf4 18. Qf1 (18. Nd5 Nxd3 19.
Nxe7 Nxb2 20. Nxc6 Nxd1 21. Na5 (21. Rxd1 Bxc6 22. Rxd6 Rxh2 $17) 21... Nc3+
22. Kb2 Na4+ 23. Ka3 b5 24. Bb3 Nc5 25. Rxg7 Rxh2 $19) 18... Bh3 $6) 16... d5
$15 (16... dxe5 17. Qxe5 Qc5 18. Qxc5 Rxc5 19. Ne4 Rc7 $2) 17. f4 Qc5 (17... g6
$1 18. Nxd5 $16 exd5 19. e6 Nf6 20. exd7+ Qxd7 21. h3 $1) 18. f5 exf5 $2 19.
Qxd5 Qxd5 (19... Qe7 $1 $16 20. Qd4 Be6 21. Bg2 Rc4 22. Qa7 Bc8 23. Nd5 Qc5 24.
Qb6 $132) 20. Nxd5 Be6 21. Bg2 (21. c4 g6 22. b3 Ng7 23. Bg2 Rc5 24. h3 b5 $1
$132) 21... Rc5 $6 22. b3 (22. Rd4 $1 Bxd5 (22... f4 23. Rgd1 a5 24. Bf3) 23.
Bxd5 Nf4 $17 24. Bc4 Ne6 25. Bxe6 fxe6 26. Rxg7 Rxh2 $6) 22... g6 23. Rd4 Bxd5
24. Bxd5 (24. Rxd5 $1 Rc7 $15 25. Rgd1 Ke7 $1) 24... Nf4 $1 25. Bc4 $2 (25.
Bxf7+ $1 Kxf7 26. Rxf4 Rxh2 27. e6+ Kf6 $19 28. Re1 Rc7 $4) (25. Bxb7 $19 Ne2
$15) (25. Bf3 Ne6 26. Rd2 b5 $15 (26... Rxe5 27. Bxb7 Nc5 28. Bc6+ Ke7 $1))
25... b5 $1 26. Rgd1 $1 O-O (26... Kf8 27. e6 $14 Nxe6 (27... bxc4 28. Rd8+ Ke7
(28... Kg7 29. e7 Re5 30. Rxh8 Rxe7 31. Ra8 $14) 29. Rxh8 fxe6 $1) 28. Bxe6
Rxh2 $4 (28... fxe6 $18 29. Rd8+ Kg7 30. R1d7+ $2)) 27. Rxf4 $15 (27. Bxf7+
Kxf7 28. Rxf4 Rxe5 $15) (27. Bf1 Ne6 28. Rd5 Rfc8 29. c4 Nf4 30. Rxc5 Rxc5 31.
Re1 b4 $17) 27... bxc4 $17 28. Rxc4 (28. bxc4 Rxe5 29. Kb2 $1) 28... Rxc4 $2 (
28... Rxe5 $6 29. Rc6 Re2 30. Rxa6 Rxh2 (30... Rc8 $18 31. c4 Rxh2 32. Ra7 Re8
33. c5 Ree2 34. c6 Rb2+ 35. Ka1 Rbc2 36. c7 Kg7 37. b4 f4 38. b5 f3 39. b6 $2)
31. c4 (31. a4 $19 Rc8 32. c4 Re8 33. Ra7 Ree2 34. Rdd7 Rh1+ $3 $18) 31... f4
32. c5 g5 33. c6 Rc8 (33... f3 34. c7 Kg7 35. Ra5 Kg6 36. Rd8 f2 37. Rf5 $18)
34. b4 Rh6 (34... g4 35. b5 Rh6 (35... g3 36. b6 $1 $18) 36. c7 $1) 35. b5 Kg7
$1 36. Ra4 (36. Rg1 Rg6 37. Ka1 f3 38. b6) (36. Ka1 f3 37. b6 Rcxc6 38. b7 Rb6
$19 39. Rb1 Rxb1+ 40. Kxb1 f2 $19) 36... Rf6 37. Rc4 Kg6 38. a4 g4 39. a5 g3
40. a6 Rf5 41. Rb4 g2 42. b6 (42. a7 f3 43. b6 f2 44. Rg4+ Rg5 45. Rxg2 (45. b7
f1=Q $19) 45... Rxg2 46. b7 Rd8 47. Rf1 Rg1 $11) 42... f3 43. b7 Rd8 44. Rg1 f2
45. Rxg2+ Kf6 46. Rxf2 Rxf2 47. Kc1 (47. Ka1 Rd1+ 48. Rb1 Rdd2 49. Rb6 $1)
47... Rh8 48. Rd4 Ke5 49. Rd1 Rf6 50. Re1+ $3 Kd4 51. a7 Rxc6+ 52. Kd1 Rcc8 $2)
29. bxc4 Rc8 30. Rd6 $17 (30. Rd4 Rc5 31. Kb2 Rxe5 32. Rd6 a5 $19) 30... Rxc4
$4 31. Rxa6 Kg7 $1 (31... Re4 $17 32. a4 (32. Kc1 Rxe5 33. Kd2 Kg7 $19) (32.
Ra5 f4 33. Kb2 f3 34. Ra3 Rf4 $1) 32... Kg7 33. Kb2 (33. a5 Rxe5 34. Ra8 f4 35.
a6 f3 36. a7 f2 $1 37. Rg8+ Kxg8 $19 38. a8=Q+ Kg7 $19) 33... Rxe5 34. Kb3 (34.
Rd6 f4 35. Rd3 Kf6 36. Kb3 Kf5 37. c3 (37. Kb4 Re2 $19) 37... Ke4 38. Rd7 f5
39. Kb4 f3 40. a5 f2 41. Rd1 Ke3 $19) 34... f4 35. Rd6 f3 36. Rd1 Kf6 37. c4
Kf5 38. Kb4 Kg4 39. a5 f2 40. Rf1 Kf3 41. a6 Ke2 42. a7 Re8 43. Ra1 f1=Q 44.
Rxf1 Kxf1 45. Kb5 f5 46. Kb6 f4 47. Kb7 f3 $4) (31... Rh4 $1 32. e6 $4 fxe6 (
32... Rxh2 $18 33. e7 $11) 33. Rxe6 Kf7 (33... Rxh2 34. Rxg6+ $11) 34. Re2 $1
$11) 32. e6 $1 fxe6 33. Rxe6 f4 34. Kc1 Kh6 (34... f3 35. Kd1 (35. Kd2 Rxc2+
$11 (35... f2 36. Ke2 Rxc2+ 37. Kf1 Rxa2 38. Re2 $19) 36. Ke1 (36. Ke3 Re2+ $19
) (36. Kxc2 f2 $11) 36... Rxh2 37. Re3 $4) 35... Rxc2 36. Ke1 (36. Re3 $19 f2))
1/2-1/2

[Event "BCF-ch 89th"]
[Site "Torquay"]
[Date "2002.08.01"]
[Round "4"]
[White "Lane, Gary William"]
[Black "Wells, Peter K"]
[Result "0-1"]
[WhiteElo "2446"]
[BlackElo "2479"]
[Annotator "Tyomkin,D"]
[PlyCount "54"]
[EventDate "2002.07.29"]
[EventType "swiss"]
[EventRounds "11"]
[EventCountry "ENG"]
[SourceTitle "CBM 091"]
[Source "ChessBase"]
[SourceDate "2002.11.12"]
[SourceVersion "1"]
[SourceVersionDate "2002.11.12"]
[SourceQuality "1"]

1. e4 c5 2. Nf3 Nc6 3. d4 cxd4 4. Nxd4 Nf6 5. Nc3 d6 6. Bg5 e6 7. Qd2 a6 8.
O-O-O Bd7 9. f3 Be7 10. g4 ({The main move is:} 10. h4 {and black usually
faces it by:} h6 {-see games in this opening key;}) 10... h5 {This move
prevents white from attack on the queenside and black gets the rook- h8 in to
the game via h-file; The only lack of h5 move is that black can't caslte to
the kside anymore;} (10... b5 11. Nxc6 Bxc6 12. Bd3 Rc8 13. Ne2 Nd7 14. Bxe7
Qxe7 15. Nd4 $11 {1-0 Baramidze,D-Langheinrich,F/Augsburg 2002/CBM 87 ext (64).
(63)}) 11. gxh5 Nxh5 12. Bxe7 Qxe7 13. Nde2 (13. Nxc6 Bxc6 14. Qxd6 $6 Qxd6 15.
Rxd6 Ng3 16. Rg1 Nxf1 17. Rxf1 Rxh2 $15) 13... g5 14. Rg1 (14. Qxd6 Qxd6 15.
Rxd6 Ne5 16. Bg2 Ng6 $44 {[%csl Rh2][%cal Gh5f4,Ge8c8,Yh8h7,Ya8h8] Black gets
outposted N on f4,and backward pawn h2 is weak forever- black's compensation
is obvious here;}) 14... Ne5 15. Qe3 Rc8 $6 {P.Wells sacrificed pawn by this
move, but black didn't get enough compensation for it;} (15... f6 $142 16. h4
$1 gxh4 17. f4 Nc4 {with very sharp game ahead;}) 16. Rxg5 Nc4 17. Qg1 {
[%cal Gg5g8]} Qf6 18. e5 (18. Kb1 $5 Qxf3 $140 19. Rd3 Qf6 20. e5 $1 $18 {
[%cal Gc3e4]}) (18. Rg8+ Rxg8 19. Qxg8+ Ke7 20. Qg4 Rc5 {and black got some
initiative;}) 18... Qh6 (18... dxe5 19. b3 Na3 20. Kb2 Nb5 21. Ne4 Qxf3 22.
Rxe5 $18 {[%cal Rd1d3]}) 19. f4 (19. Ne4 d5 20. Nd2 $16) 19... dxe5 20. Ne4 Nf6
21. N2c3 Ke7 22. Kb1 $4 {That's amazing but white king is placed on b1 worse
than on c1! In addition, white loses important tempo! By simple 22.fxe5 white
achieves large advantage almost on force;} (22. Bxc4 Rxc4 23. Qb6 Nxe4 24. Nxe4
Rxe4 25. Rxd7+ Kxd7 26. Qxb7+ $16 {[%cal Gb7e4]}) (22. fxe5 $142 Nxe4 23. Nxe4
Qxh2 (23... Nxe5 24. Qg3 $1 {[%cal Gg3e5,Gg3a3]} Qxh2 25. Qa3+ Kd8 26. Rd2 $18
{[%cal Ga3a5,Ga5e5]}) 24. Qd4 Ba4 $8 25. b3 Qf4+ 26. Kb1 Rhd8 27. Nd6 $18)
22... Nxe4 23. Nxe4 Qxh2 {[%cal Rc4a3,Ge5f4] Roles was changed in 2moves- now
black is up a pawn and has created couple of strong threats;} 24. Nc5 {
Desperation!} (24. fxe5 Qxg1 (24... Na3+ 25. Ka1 Nxc2+ 26. Kb1 Ne3 $1 $17) 25.
Rxg1 Nxe5 $17) 24... Nd2+ 25. Kc1 (25. Rxd2 Qxd2 26. Bd3 Bc6 $19 {[%cal Gh8h1]}
) 25... Qxg1 26. Rxg1 Rxc5 27. Rxd2 exf4 $19 {Black is just 2 pawns up
here-the advantage which guarantees simple win on Grandmaster level;} 0-1

[Event "North Sea Cup 17th"]
[Site "Esbjerg"]
[Date "2002.07.11"]
[Round "7"]
[White "Stefansson, Hannes"]
[Black "Galliamova, Alisa"]
[Result "1-0"]
[WhiteElo "2588"]
[BlackElo "2505"]
[Annotator "Tyomkin,D"]
[PlyCount "113"]
[EventDate "2002.07.05"]
[EventType "tourn"]
[EventRounds "9"]
[EventCountry "DEN"]
[EventCategory "14"]
[SourceTitle "CBM 091"]
[Source "ChessBase"]
[SourceDate "2002.11.12"]
[SourceVersion "1"]
[SourceVersionDate "2002.11.12"]
[SourceQuality "1"]

1. e4 c5 2. Nf3 Nc6 3. d4 cxd4 4. Nxd4 Nf6 5. Nc3 d6 6. Bg5 e6 7. Qd2 a6 8.
O-O-O Bd7 9. f4 b5 10. Bxf6 gxf6 11. Kb1 h5 12. Nxc6 Bxc6 13. Qe1 b4 $6 $146 {
White has shown the refutation of this move in this game; Saying in general,
this move doesn't help black to achieve an attack over the queenside, but it
weakens pawns and spots over there; But of course, following move of white is
very important!} (13... Bh6 {Gofshtein,L} 14. g3 $1 {[%csl Gf4,Gg3,Gh2,Rh6]
Restricting Bh6 for a long time.} (14. f5 $6 {Gofshtein,L} Bf4 $1 {[%cal Gf4e5]
} 15. Bd3 Be5 {[%csl Ye5]} 16. Ne2 Ke7 17. Rf1 Qg8 $132 {1-0 Schuster,B-Wagner
Michel,A/Germany 1999/EXT 2000 (35)}) 14... b4 15. Nd5 $1 a5 (15... exd5 $4 {
Gofshtein,L} 16. exd5+ $18 {[%csl Rc6,Rh6]}) 16. Bg2 O-O $2 $16 {[%csl Rg8,Rh5]
0-1 Acs,P-Kozul,Z/Ohrid 2001/CBM 84/[Gofshtein,L] (51)} (16... Rc8 $142 {
Gofshtein,L} 17. Ne3 $14)) ({White left with serious advantage in the next
games:} 13... Qa5 {Gofshtein,L} 14. Bd3 O-O-O $6 {[%csl Rc8]} 15. f5 b4 16. Ne2
e5 17. Nc1 d5 18. Qe2 Bb7 19. exd5 Qb6 20. Bc4 $16 {1-0 Ginzburg,M-Aparicio,A/
Salta 1995/EXT 97 (67)}) ({and} 13... Rb8 {Gofshtein,L} 14. f5 e5 15. Qh4 Ke7
16. Be2 Rc8 17. Rd3 Qc7 18. Rhd1 Bh6 19. Rxd6 Bg5 20. Qf2 $18 {1-0 Cela,
A-Kozul,Z/Elista 1998/CBM 66 ext (43)}) 14. Nd5 $1 a5 15. f5 Bxd5 {Black can
not avoid this trade, but probably could delay it for a while;} (15... Bh6 $5)
16. Rxd5 (16. exd5 $5 e5 {but white looks much better here too;}) 16... Qc7 17.
Rb5 e5 (17... h4 $5 18. Bd3 $16) 18. Qd1 $16 {[%csl Gd5][%cal Yc4f7][%mdl 32]
White has obvious advantage in this middlegame with opposite B's- light
squares in the centre are weak and can be used for white pieces to transfer
them in; In addition white king is much safer than black; Rh8 is restricted in
movement because of weakness of h-pawn; Those are concequences of 13..b4 move!}
Qc6 19. Rd5 Ke7 20. Bb5 Qc7 21. Qe2 {[%csl Yd6][%cal Gh1d1]} Bh6 22. Rhd1 Rad8
23. Ba4 {[%csl Ra5,Rd6][%cal Ye2a6] this move cleares path for white queen to
the queenside- a5 and d6 are targets;} h4 24. Qa6 $18 {[%csl Ra5]} Be3 25. Rxa5
Rb8 (25... Rhg8 $142 26. Bb3 {[%csl Yf7][%cal Ga5b5,Gb5b7]} Rxg2 27. Rb5 Rd7 (
27... Rb8 28. Rxb8 Qxb8 29. Qc4 $16 {[%csl Rf7]}) 28. Qa8 $16 {[%cal Gb5b8,
Ya8d5]}) 26. Rb5 Rxb5 27. Qxb5 Rb8 28. Qe2 Bf4 29. g3 $1 (29. h3 {would be
worse because white has less open files for his heavy pieces here while extra
pawn on the kingside doesn't make any sense;}) 29... hxg3 30. hxg3 Bxg3 31. Bb3
$18 {[%csl Rf7]} Qc5 $2 {[%mdl 8192] Just a blunder while it doesn't change
much an evaluation of this position;} (31... Bf4 32. Qh5 Rf8 33. Rg1 {[%cal
Gg1g7]} Bg5 {and black is alive for a while;}) 32. Bxf7 $1 Kxf7 33. Qh5+ Ke7
34. Qh7+ Kd8 35. Qg8+ Kc7 36. Qxg3 Rc8 37. Qb3 Rh8 (37... Kb7 38. a3 $18) 38.
Qf7+ Kc6 39. Qxf6 Qd4 40. Rc1 Ra8 41. Qe7 Qxe4 42. Rd1 (42. f6 $2 Qd5 {[%csl
Ra2] some accuracy is always needed even in totaly winning positions :-)})
42... d5 43. f6 Rh8 44. b3 $6 {44.f7 was much faster way to the win;} (44. f7
Qf3 (44... Rh1 45. Qf6+ Kb7 46. Qf1) 45. Rc1 $18 {[%cal Re7e8]}) 44... Rh1 45.
Rxh1 Qxh1+ 46. Kb2 Qe4 {[%cal Ge4d4]} 47. Qa7 Qe1 48. Qa8+ Kd6 49. a4 $1 {
to avoid perpetual check, but this also creates another passer;} Qc3+ (49...
bxa3+ 50. Qxa3+ {[%cal Gf6f7]}) 50. Kb1 Ke6 51. f7 Kxf7 52. Qxd5+ Kf6 53. a5
Qe1+ 54. Ka2 Qc1 55. Qc6+ Kf5 56. a6 Kf4 {this just makes the game shorter;} (
56... Kg5 $142 57. Qc5 Qa3+ 58. Kb1 Qxa6 59. Qxe5+ {and white wins b4 as well;}
) 57. Qh6+ 1-0